000 00575nam a22001817a 4500
005 20251108175615.0
008 250721s2018 xx 000 0 ara d
082 1 4 _a616.8/قطن
100 1 _aقطناني، محمد
245 1 0 _aاساسيات في فهم اضطرابات طيف التوحد /
264 1 _aعمان :
_bدار جرير للنشر والتوزيع،
_c2018.
300 _a186ص.
650 1 7 _aالاضطرابات الانفعالية
650 1 7 _aالامراض
650 1 7 _aالتربية الخاصة
942 _2ddc
_cBK
999 _c138100
_d138100